|
|
|
|
| LEADER |
00000cam a2200000 a 4500 |
| 001 |
vtls008328989 |
| 003 |
SK-MaSNL |
| 005 |
20260301182521.0 |
| 008 |
220512s1956 xo 000 m slo |
| 015 |
|
|
|a SNBA1956/07-00947
|
| 020 |
|
|
|q (viazané)
|
| 035 |
|
|
|a SK01SNK19560021206
|
| 035 |
|
|
|a urn:nbn:sk:snk-am3i3lw
|
| 035 |
|
|
|a 76C433B5-C021-4AAE-B809-568813BDD7C5
|
| 035 |
|
|
|a urn:nbn:sk:snk-am00diqe
|
| 035 |
|
|
|a SKM000023669
|
| 040 |
|
|
|a SNK
|b slo
|a SNK
|e AACR2
|c SNK
|
| 041 |
1 |
|
|a slo
|h rus
|
| 044 |
|
|
|a xo
|c SK
|
| 080 |
|
|
|a 821.161.1-2
|2 2001
|
| 080 |
|
|
|a (0:82-2)
|2 2001
|
| 080 |
|
|
|a (0:82-32)
|2 2001
|
| 100 |
1 |
|
|a Trenev, Konstantin Andrejevič
|4 aut
|9 556483
|
| 240 |
1 |
0 |
|a Izbrannyje proizvedenija
|l Slovensky
|
| 245 |
1 |
0 |
|a Výber z diela
|c K.A. Treňov ; [z ruského originálu Izbrannyje proizvedenija preložili Viktória Lapárová (Poviedky) a Viera Mikulášová (Hry a články) ; doslov Viera Mikulášová]
|
| 250 |
|
|
|a 1. vydanie
|
| 260 |
|
|
|a Bratislava
|b Slovenské vydavateľstvo krásnej literatúry
|c 1956
|e Bratislava
|f Polygrafické závody
|
| 300 |
|
|
|a 421 [3] s.
|c 20 cm
|
| 366 |
|
|
|e 2200 kusov
|
| 490 |
1 |
|
|a Sovietska tvorba
|v zv. 8.
|
| 500 |
|
|
|a Frontispice ; Poznámky a vysvetlivky na strane [413]-421
|
| 650 |
0 |
7 |
|a ruská literatúra
|2 SNKPH
|9 1204
|
| 655 |
|
7 |
|a divadelné hry
|2 SNKPH
|9 70577
|
| 655 |
|
7 |
|a ruské poviedky
|2 SNKPH
|9 84555
|
| 655 |
|
7 |
|a články
|2 SNKPH
|9 70601
|
| 655 |
|
7 |
|a antológie
|2 SNKPH
|9 70414
|
| 700 |
1 |
|
|a Dorotjaková, Viktória,
|d 1927-1999
|4 trl
|9 106781
|
| 700 |
1 |
|
|a Mikulášová-Škridlová, Viera,
|d 1924-2014
|4 trl
|4 aui
|9 122362
|
| 830 |
|
0 |
|a Sovietska tvorba
|9 307475
|
| 954 |
|
|
|a beletria cudzojazyčná (svetová)
|2 lita
|
| 958 |
|
|
|a TL
|
| 958 |
|
|
|a RK
|
| 958 |
|
|
|a LX
|
| 958 |
|
|
|a UP
|
| 958 |
|
|
|a RU
|
| 999 |
|
|
|c 853949
|d 855879
|
| 952 |
|
|
|a SNK
|b SNK
|y PREZ
|7 0
|p 17A0789436
|o snkSC 8025
|i snkKSP 1947/56
|0 0
|1 0
|4 0
|d 2019-07-12
|f 1
|l 0
|r 2025-07-04 00:00:00
|w 2026-02-24
|